Statistiken für Jugendwort des Jahres

Klicken Sie hier um das Quiz zu spielen!

Allgemein

  • Dieses Quiz wurde 433 mal gespielt
    (128 seit der letzten Aktualisierung)
  • Das Durchschnittsergebnis liegt bei 5 aus 15

Antwortstatistiken

JahrJugendwort% Korrekt
2012YOLO
74%
2023goofy
68%
2021cringe
58%
2022smash
46%
2008Gammelfleischparty
36%
2015Smombie
35%
2017I bims
29%
2011Swag
29%
2018Ehrenmann / Ehrenfrau
23%
2020lost
19%
2014Läuft bei dir
17%
2013Babo
16%
2016fly sein
12%
2009hartzen
12%
2010Niveaulimbo
10%

Verteilung der Resultate

Perzentil nach korrekt beantworteten Fragen

Anzahl Personen mit jedem Resultat

Ihre Resultats-Entwicklung

Sie haben dieses Quiz seit der letzten Aktualisierung nicht gespielt